Statistics for UEFA Champions League Top Scorers 2018/19

Click here to take the quiz!

General Stats

  • This quiz has been taken 412 times
    (377 since last reset)
  • The average score is 18 of 25

Answer Stats

Club#MPGPlayer% Correct
FC Barcelona1270Lionel Messi
100%
Juventus6125Cristiano Ronaldo
97%
Manchester City685Sergio Agüero
96%
Bayern Munich889Robert Lewandowski
95%
Tottenham Hotspur5155Harry Kane
94%
Liverpool5212Mohamed Salah
94%
Paris Saint-Germain5106Neymar
91%
Liverpool4288Sadio Mané
89%
Paris Saint-Germain4175Kylian Mbappé
88%
Tottenham Hotspur4226Son Heung-Min
88%
Liverpool4187Roberto Firmino
84%
Real Madrid4147Karim Benzema
83%
Manchester City5174Raheem Sterling
83%
Juventus5104Paulo Dybala
79%
Atlético Madrid4180Antoine Griezmann
72%
AS Roma5114Edin Dzeko
71%
Ajax6180Dusan Tadic
68%
Tottenham Hotspur5145Lucas Moura
66%
Manchester City4145Bernardo Silva
59%
Manchester City494Gabriel Jesus
59%
Manchester City499Leroy Sané
56%
Inter Milan4135Mauro Icardi
50%
Hoffenheim596Andrej Kramaric
42%
Porto6125Moussa Marega
34%
Borussia Dortmund471Raphael Guerreiro
9%

Score Distribution

Percentile by Number Answered

Percent of People with Each Score

Your Score History

You have not taken this quiz since the last reset